Statistics for COD Zombies Wonder Weapons

Click here to take the quiz!

General Stats

  • This quiz has been taken 48 times
  • The average score is 21 of 63

Answer Stats

GameWeapon% Correct
WaWRay Gun
100%
BO2Ray Gun Mark II
91%
BO1Thundergun
89%
BO2Ice Staff
84%
WawWunderwaffe DG-2
84%
BO2Fire Staff
82%
BO2Wind Staff
82%
BO2Thrustodyne Aeronautics Model 23/Jet Gun
80%
BO3GKZ-45 Mk3/Ray Gun Mark III
77%
BO2Lightning Staff
75%
BO2Blundergat
73%
BO1Winters Howl
73%
BO131-79 JGb215/Baby Gun
64%
BO1Scavenger
64%
BO2paralyzer
61%
BO2Sliquifier
61%
BO2Acidgat
59%
BO1V-R11
59%
BO1Wave Gun/Zap Gun Dual Wield
55%
WaWMonkey Bomb
50%
BO1Gersh Device
43%
BO3Apothicon Servant
41%
BO2Hell's Retriever
34%
BO3KT-4
32%
BO4Tundragun
32%
BO4Kracken
30%
BO3Wrath of the Ancients
30%
CWDecompressive Isotopic Estrangement Machine/D.I.E. Shockwave
27%
BO3Li'l Arnie
27%
BO2Time Bomb
27%
BO4Magmagat
25%
BO1Quantum Entanglement Device
23%
BO2Golden Spork
20%
CWR.A.I. K-84
20%
BO1Matryoshka Dolls
18%
BO4Death of Orion
16%
CWChrysalax
14%
CWCRBR-S
14%
BO4Hand of Gaia
14%
BO4Alistair's Folly
11%
BO4Hand of Charon
11%
BO3Skull of Nan Sapwe
11%
BO4Hand of Ouranos
9%
BO4Homunculus
9%
BO3Ragnarok DG-4
9%
BO4Savage Impaler
9%
BO4Wunderwaffe DG-Scharfschutze
9%
BO3Dragon Strike
7%
BO4Hand of Hemera
7%
BO3Apothican Sword
5%
VGDecimator Shield
5%
BO3Gauntlet of Siegfried
5%
BO4Ray Gun Mark II-X
5%
BO4Ray Gun Mark II-Y
5%
BO4Ray Gun Mark II-Z
5%
BO3Spider Bait
5%
BO2One Inch Punch
2%
BO4Ray Gun Mark II-V
2%
BO2Sekhmet's Vigor
2%
BO4Stake Knife
2%
BO4Golden Scalpel Knife
0%
BO4Golden Spork Knife
0%
BO2G-Strike Beacons
0%

Score Distribution

Percentile by Number Answered

Percent of People with Each Score

Your Score History

You have not taken this quiz